000 00918nam a2200277 a 4500
001 BRL_738
005 20190320210856.0
008 300913s1966----mx-a######---#000-0#spa-#
041 _aspa
044 _amx
050 4 _aSB199
_b.E83 1966
100 1 _aDonahue, Roy Luther
_d1908-
_924795
245 1 0 _aLa explotación racional de los pastos y praderas artificiales
_cRoy L. Donahue, Everett F. Evans [and] L. I. Jones ; Traducido por Carlos Becerril Calderon.
260 _aMéxico, D.F.
_bCompañia Editorial Continental
_c1966
300 _a450 p.
_bil.
_c23 cm.
500 _aAu855
500 _aTraducción de: The range and pasture book.
504 _aBibliografía: p. 447-450
650 1 4 _aDehesas
_924796
650 1 4 _aPastos
_924797
650 1 4 _aPlantas forrajeras
_zEstados Unidos
_924798
700 1 _aEvans, Everett F.
_924799
700 1 _aJones, L. I.
_924800
902 _aGRL
942 _2lcc
_cB
999 _c9550
_d9550